| 000 | 00555nam a22002057a 4500 | ||
|---|---|---|---|
| 005 | 20130627142546.0 | ||
| 010 | _aENG-107753 | ||
| 020 |
_a9781259026867 _c509.00 |
||
| 020 |
_a1259026868 _c509.00 |
||
| 035 | _aEN-91286 | ||
| 037 | _bDBAD/PUB | ||
| 100 | _aKhan, M Y | ||
| 245 |
_aFinancial services / _cby M Y Khan |
||
| 250 | _a7th ed. | ||
| 260 |
_bTata McGraw Hill _c2013 _aNew Delhi |
||
| 270 |
_aP-24, Green Park Extnsion _bNew Delhi _e110016 |
||
| 300 |
_averious pagings _c24cm(pbk) _bill. |
||
| 500 | _aIncludes index | ||
| 942 |
_2ddc _cEN _mKHA |
||
| 999 |
_c77037 _d77037 |
||